000 00481nam a2200169Ia 4500
008 230917s9999||||xx |||||||||||||| ||und||
020 _cRS930
040 _e237862
_aMAIN
041 _aEnglish
082 _a512.23 S53R
100 _aSimon, Barry
245 0 _aRepresentations of finite and compact groups
260 _aRhode Island
_bAmerican Mathematical Society
_c2012
300 _axii, 266 p.
500 _a2602 09/02/2017 RBP17/63738 17/02/2017 Main Budget
942 _cBK
999 _c21308
_d21308